000 00249nam a2200097Ia 4500
001 663036
005 20250826160204.0
008 250824s9999 xx 000 0 und d
245 0 _aKURTULUŞ ANTİK
_cMEHMET RAUF
260 _bANTİK DÜNYA KLASİKLERİ
999 _c663036
_d663036